All 20k+ cities in the Baltics - Statistics

General Stats
  • This quiz has been taken 60 times
  • The average score is 14 of 28
Answers on the Map
Answers color-coded by a green-red scale on the quiz's map according to % correct below.
 
Answer Stats
Group City Population % Correct
Latvia Riga 605,273
100%
Estonia Tallinn 430,805
100%
Lithuania Kaunas 410,475
95%
Lithuania Vilnius 708,627
95%
Lithuania Klaipėda 226,676
83%
Estonia Narva 56,103
83%
Latvia Daugavpils 77,799
78%
Estonia Tartu 93,715
78%
Estonia Pärnu 39,375
71%
Lithuania Šiauliai 151,026
61%
Latvia Ventspils 32,634
61%
Latvia Liepāja 66,680
59%
Latvia Jelgava 54,701
49%
Latvia Jūrmala 52,154
46%
Lithuania Panevėžys 121,977
46%
Lithuania Alytus 76,815
44%
Lithuania Marijampolė 36,704
37%
Latvia Rēzekne 26,131
32%
Latvia Valmiera 22,376
32%
Latvia Ogre 22,767
29%
Estonia Kohtla-Järve 34,394
27%
Lithuania Utena 27,763
24%
Latvia Jēkabpils 21,150
22%
Lithuania Tauragė 21,216
22%
Lithuania Telšiai 22,024
17%
Lithuania Mažeikiai 33,377
15%
Lithuania Jonava 26,838
12%
Lithuania Kėdainiai 23,362
10%
No matching quizzes found
Score Distribution
Percent of People with Each Score
Percentile by Number Answered
Your Score History
You have not taken this quiz